[Event "BLR-ch sf"]
[Site "Minsk"]
[Date "2023.12.13"]
[Round "7"]
[White "Khakhlou, Arseni"]
[Black "Bahdanovich, Mikhail"]
[Result "1-0"]
[WhiteElo "1337"]
[BlackElo "1585"]
[PlyCount "129"]
[EventDate "2023.12.07"]
[EventType "swiss"]
[EventRounds "9"]
[EventCountry "BLR"]
[SourceTitle "CB51_2023"]
[SourceDate "2023.12.20"]
[SourceVersion "1"]
[SourceVersionDate "2023.12.20"]
[SourceQuality "1"]

1. d4 Nf6 2. Nf3 g6 3. c4 Bg7 4. g3 0-0 5. Bg2 d6 6. 0-0 Nc6 7. Nc3 a6 8. Re1 Rb8 9. a4 a5 10. e4 Bg4 11. h3 Bxf3 12. Bxf3 e5 13. d5 Nb4 14. Bg5 Qc8 15. Bg2 Nd7 16. g4 Nb6 17. b3 f5 18. gxf5 gxf5 19. Rf1 f4 20. Qh5 Nc2 21. Rab1 Nd4 22. Nb5 Nxb5 23. cxb5 Nd7 24. Bf3 Nc5 25. Kh2 Qe8 26. Qh4 Rf7 27. Rg1 Qf8 28. Bh5 Nxe4 29. Bxf7+ Qxf7 30. Bh6 Nd2 31. Qg4 Nxb1 32. Qe6 Qxe6 33. Rxg7+ Kf8 34. dxe6 Re8 35. Rxh7+ Kg8 36. Rg7+ Kf8 37. Rxc7+ Kg8 38. Rg7+ Kf8 39. Rg1+ Ke7 40. Rxb1 Kxe6 41. Rc1 Re7 42. b6 Kd5 43. Rc7 Re6 44. Bg5 Ke4 45. Rxb7 d5 46. Bd8 Rg6 47. h4 f3 48. Bg5 d4 49. Kg1 Kd3 50. Kf1 e4 51. Ke1 Re6 52. Bf4 Rg6 53. Bg3 Re6 54. Kd1 Rg6 55. h5 Rg5 56. Rf7 Rxh5 57. Kc1 e3 58. Rxf3 Kc3 59. Kd1 Rh1+ 60. Ke2 Kc2 61. Rf5 exf2 62. Rxf2 Rh7 63. Kf1+ Kc3 64. Bc7 d3 65. b7 1-0

[Event "BLR-ch sf"]
[Site "Minsk"]
[Date "2023.12.07"]
[Round "1"]
[White "Yadzievich, Mark"]
[Black "Bahdanovich, Mikhail"]
[Result "1-0"]
[WhiteElo "1161"]
[BlackElo "1585"]
[PlyCount "74"]
[EventDate "2023.12.07"]
[EventType "swiss"]
[EventRounds "9"]
[EventCountry "BLR"]
[SourceTitle "CB51_2023"]
[SourceDate "2023.12.20"]
[SourceVersion "1"]
[SourceVersionDate "2023.12.20"]
[SourceQuality "1"]

1. e4 c6 2. d4 d5 3. e5 Bf5 4. Nf3 e6 5. Be2 Nd7 6. c3 a6 7. Nbd2 h6 8. 0-0 Rc8 9. Re1 c5 10. Nf1 cxd4 11. cxd4 Bb4 12. Bd2 Bc2 13. Qc1 Bd3 14. Qd1 Bxe2 15. Rxe2 Be7 16. Rc1 Rxc1 17. Qxc1 Nb8 18. Be1 Nc6 19. N1d2 h5 20. Nb3 Nh6 21. Bd2 Nf5 22. Be3 Qb6 23. Rc2 0-0 24. h3 Nb4 25. Re2 Qb5 26. Qd1 Nxa2 27. g4 hxg4 28. hxg4 Nxe3 29. fxe3 Rc8 30. Rh2 Qa4 31. Qb1 g6 32. Nfd2 Kg7 33. Qf1 Qe8 34. Rh3 Qb5 35. Qf4 g5 36. Qh2 Rg8 37. Rh7+ Kf8 1-0

[Event "St Petersburg Korchnoi Memorial op"]
[Site "St Petersburg"]
[Date "2023.08.19"]
[Round "2"]
[White "Bahdanovich, Mikhail"]
[Black "Darmaeva, Nomina"]
[Result "0-1"]
[WhiteElo "1433"]
[BlackElo "1764"]
[PlyCount "100"]
[EventDate "2023.08.18"]
[EventType "swiss"]
[EventRounds "9"]
[EventCountry "RUS"]
[SourceTitle "EXT 2024"]
[Source "ChessBase"]
[SourceDate "2023.10.10"]
[SourceVersion "1"]
[SourceVersionDate "2023.10.10"]
[SourceQuality "1"]

1. d4 d5 2. c4 dxc4 3. e4 b5 4. a4 c6 5. axb5 cxb5 6. Nc3 Qb6 7. Nd5 Qc6 8. f3 e6 9. Nc3 Nf6 10. b3 b4 11. Na4 c3 12. Be3 Ba6 13. Bxa6 Nxa6 14. Ne2 Be7 15. 0-0 0-0 16. Nc1 Nc7 17. Nd3 Nd7 18. Rf2 Rfd8 19. Rc2 Qb5 20. Bf4 Rac8 21. Rca2 Nb6 22. Be3 Nxa4 23. Rxa4 a6 24. Ne5 Bf6 25. Nc4 Qb8 26. Kh1 h6 27. Na5 Qb5 28. Nc4 Ra8 29. Ra5 Qb7 30. Rc5 Nb5 31. Na5 Qd7 32. Nc6 Rdc8 33. Nxb4 Bxd4 34. Rxc8+ Rxc8 35. Nc2 Rd8 36. Nxd4 e5 37. Qd3 exd4 38. Bc1 Qe6 39. h3 Rc8 40. Qc2 Qd6 41. e5 Qxe5 42. Rxa6 Qe1+ 43. Kh2 Qf1 44. Qf5 Re8 45. Qd7 Qe2 46. Rb6 Na3 47. h4 Nb1 48. Qxd4 c2 49. Rc6 Qd1 50. Bxh6 Qxd4 0-1

[Event "Minsk Kupreichik Memorial op"]
[Site "Minsk"]
[Date "2023.04.21"]
[Round "1"]
[White "Poliakova, Varvara"]
[Black "Bahdanovich, Mikhail"]
[Result "1-0"]
[WhiteElo "2043"]
[BlackElo "1505"]
[PlyCount "127"]
[EventDate "2023.04.21"]
[EventType "swiss"]
[EventRounds "7"]
[EventCountry "BLR"]
[SourceTitle "CBM 214 Extra"]
[Source "ChessBase"]
[SourceDate "2023.07.31"]
[SourceVersion "1"]
[SourceVersionDate "2023.07.31"]
[SourceQuality "1"]

1. e4 c6 2. d4 d5 3. Nd2 dxe4 4. Nxe4 Bf5 5. Ng3 Bg6 6. h4 h6 7. Nh3 Nf6 8. Nf4 Bh7 9. Bc4 e6 10. c3 Bd6 11. Nfh5 0-0 12. Bd3 Bxd3 13. Qxd3 Bxg3 14. Nxg3 c5 15. Bg5 Nbd7 16. 0-0-0 Qc7 17. Be3 Ng4 18. Ne4 Nxe3 19. fxe3 c4 20. Qc2 f5 21. Nd2 Nf6 22. Rde1 Ng4 23. Rhf1 b5 24. Rf3 Qe7 25. g3 e5 26. Rxf5 Nf2 27. Kb1 Nd3 28. Rxf8+ Rxf8 29. Re2 exd4 30. cxd4 Qf7 31. a3 Qd5 32. Rh2 Re8 33. Nf1 Rf8 34. Nd2 Re8 35. Nf1 Rf8 36. Qe2 Qf5 37. Nd2 Nf4+ 38. e4 Nxe2 39. exf5 Nxg3 40. Kc2 Rxf5 41. Kc3 a5 42. a4 bxa4 43. Kxc4 Nf1 44. Nxf1 Rxf1 45. Kc5 Kf7 46. h5 Ke7 47. Re2+ Kd7 48. Rg2 Rf5+ 49. d5 Rg5 50. Rf2 Rxh5 51. Rf7+ Kd8 52. Kd6 Ke8 53. Rxg7 Rh1 54. Re7+ Kf8 55. Re2 Rc1 56. Kd7 h5 57. d6 Rf1 58. Kd8 h4 59. d7 Kf7 60. Rc2 h3 61. Kc8 h2 62. d8Q h1Q 63. Rc7+ Ke6 64. Re7+ 1-0